The Americans : (Record no. 15416)
[ view plain ]
| 000 -LEADER | |
|---|---|
| fixed length control field | 00650nam a2200181Ia 4500 |
| 020 ## - INTERNATIONAL STANDARD BOOK NUMBER | |
| ISBN | 0812376420 (hbk. : annotated teacher's ed.) |
| 040 ## - CATALOGING SOURCE | |
| Transcribing agency | GZE |
| 082 ## - DEWEY DECIMAL CLASSIFICATION NUMBER | |
| Classification number | 973 DOU 1992 A104 Or. |
| 100 1# - MAIN ENTRY--AUTHOR NAME | |
| Personal name | Jordan, Winthrop D. |
| 245 14 - TITLE STATEMENT | |
| Title | The Americans : |
| Remainder of title | a history / |
| 250 ## - EDITION STATEMENT | |
| Edition statement | Annotated teacher's ed. |
| 260 ## - PUBLICATION, DISTRIBUTION, ETC. (IMPRINT) | |
| Place of publication | Evanston, Ill. : |
| Name of publisher | McDougal, Littell, |
| Year of publication | c1992. |
| 300 ## - PHYSICAL DESCRIPTION | |
| Number of Pages | T16, xxv, 1062 p. : |
| Other physical details | ill. (some col.) ; |
| Dimensions | 30 cm. + |
| Accompanying material | 1 student text + 2 worksheet books + 1 instructional support file + 6 test booklets + 1 set transparencies. |
| 700 1# - ADDED ENTRY--PERSONAL NAME | |
| Personal name | Greenblatt, Miriam. |
| 700 1# - ADDED ENTRY--PERSONAL NAME | |
| Personal name | Bowes, John S. |
| 710 2# - ADDED ENTRY--CORPORATE NAME | |
| Corporate name or jurisdiction name as entry element | McDougal Littell. |
| 942 ## - ADDED ENTRY ELEMENTS (KOHA) | |
| Koha item type | សៀវភៅភាសាអង់គ្លេស |
| 952 ## - LOCATION AND ITEM INFORMATION (KOHA) | |
| Withdrawn status [LOCAL, KOHA] | 0 |
| Permanent Location | Date acquired | Koha item type | Lost status | Shelving location | Barcode | Current Location | Full call number |
|---|---|---|---|---|---|---|---|
| Library Block A | 2017-11-21 | សៀវភៅភាសាអង់គ្លេស | A104 | A07179 | Library Block A | 973 DOU 1992 A104 Or. |